000 00477nam a2200169Ia 4500
008 241217s9999||||xx |||||||||||||| ||und||
020 _a9780071151603
_c79.6
040 _beng
_cSSK Library
_erda
082 _a658.0072/COO
100 _a Donald R. Cooper & Pamela S. Schindler -
245 0 _aBusiness Research Methods
250 _a8th ed
260 _b Mcgraw Hill/Irwin
_c©2003
942 _2Dewey Decimal Classification
_cBOOK
_nNo
999 _c26004
_d26004
003 OSt
005 20241217113006.0